书目信息 |
| 题名: |
运动性疲劳与防治
|
|
| 作者: | 杨翼 , 李章华 著 | |
| 分册: | ||
| 出版信息: | 北京 北京体育大学出版社 2008 |
|
| 页数: | 252页 | |
| 开本: | 23cm | |
| 丛书名: | ||
| 单 册: | ||
| 中图分类: | G804.7 , R872.7 , G804.7 | |
| 科图分类: | ||
| 主题词: | 体育运动--疲劳(生理)--防治 , 体育理论 | |
| 电子资源: | 远程访问电子图书全文(方正电子图书) 电子图书全文(方正电子图书) | |
| ISBN: | 978-7-5644-0036-1 | |
| 000 | 01302n|m0 2200313 450 | |
| 001 | 1558097836 | |
| 005 | 20150706160909.46 | |
| 010 | @a978-7-5644-0036-1@dCNY33.00 | |
| 100 | @a20081125d2008 em y0chiy50 ea | |
| 101 | 0 | @achi |
| 102 | @aCN@b110000 | |
| 105 | @aa z 000yy | |
| 135 | @adrbn ---auuuu | |
| 200 | 1 | @a运动性疲劳与防治@Ayun dong xing pi lao yu fang zhi@b电子资源.图书@f杨翼,李章华著 |
| 210 | @a北京@c北京体育大学出版社@d2008 | |
| 215 | @a252页@c图,照片@d23cm | |
| 325 | @a电子复制品 | |
| 330 | @a全书共分九章,内容包括:运动性疲劳研究发展简史、运动训练的生理学本质及其对身体机能的影响、中医对运动性疲劳发生机制的探讨、穴位离子导入与运动性疲劳、预处理的机理及其抗运动性疲劳应用前景等。 | |
| 606 | 0 | @a体育运动@x疲劳(生理)@x防治 |
| 606 | 0 | @a体育理论 |
| 690 | @aG804.7@v4 | |
| 690 | @aR872.7@v4 | |
| 690 | @aG804.7@v4 | |
| 701 | 0 | @a杨翼@c(女,@f1973.9~)@Ayang yi@4著 |
| 701 | 0 | @a李章华@f(1973.7~)@Ali zhang hua@4著 |
| 801 | 0 | @aCN@b大连网信软件有限公司图书馆·11@c20150706 |
| 856 | 4 | @uhttp://login.nlc.gov.cn/niMingLogin.action@z远程访问电子图书全文(方正电子图书) |
| 856 | 4 | @uhttp://202.106.125.14/Usp/apabi_usp/pub.mvc?pid=book.detail&metaid=m%2e20081216%2dm802%2dw017%2d036@z电子图书全文(方正电子图书) |
| 905 | @aZUCC@dG804.7@et137 | |
| 运动性疲劳与防治[电子资源.图书]/杨翼,李章华著 .-北京:北京体育大学出版社,2008 |
| 252页:图,照片;23cm |
| ISBN 978-7-5644-0036-1:CNY33.00 |
| 全书共分九章,内容包括:运动性疲劳研究发展简史、运动训练的生理学本质及其对身体机能的影响、中医对运动性疲劳发生机制的探讨、穴位离子导入与运动性疲劳、预处理的机理及其抗运动性疲劳应用前景等。 |
| ● |
| 相关链接 |
|
|
|
|
正题名:运动性疲劳与防治
索取号:G804.7/t137
 
预约/预借
| 序号 | 登录号 | 条形码 | 馆藏地/架位号 | 状态 | 备注 |
| 1 | 6940243 | 269402434 | 密集书库-体育系/ [索取号:G804.7/t137] | 在馆 | |
| 2 | 6940244 | 269402443 | 密集书库-体育系/ [索取号:G804.7/t137] | 在馆 |